000
00285nam a2200121Ia 4500
008
190216s9999||||xx |||||||||||||| ||und||
100
_a
Raj K N
245
0
_a
Indiayilae Kannukalisambath
260
_b
Kerala Bhasha Institute
_c
1972
300
_a
56p
650
_a
Zoology
942
_c
BK
999
_c
38474
_d
38474